LEADER 01740nam a2200349 4500 001 000000344487 003 CaOOAMICUS 005 20240717103914.0 008 210224s1999 it 000 u ita r 020 $a88-317-7353-4 040 $aSeMil$bita 100 1 $aPolo, Marco,$d<1254-1324>.$0(OLS)http://semarc/name/19489 240 10$aMilione.$0(OLS)http://semarc/title/433664 245 14$aIl «Milione» veneto :$bms. CM 211 della Biblioteca civica di Padova /$cMarco Polo ; a cura di Alvaro Barbieri e Alvise Andreose ; con la collaborazione di Marina Mauro ; premessa di Lorenzo Renzi. 264 1$aVenezia :$bMarsilio,$c1999. 300 $a310 p., [1] p. di tav. ;$c21 cm 490 1 $aMedioevo veneto 546 $aTesto in lingua veneta del XIV secolo 650 4$aPolo, Marco <1254-1324> . Il Milione.$0(OLS)http://semarc/subject/46692 650 4$aViaggi - Descrizioni letterarie - Asia - sec. 13.$0(OLS)http://semarc/subject/55901 700 1 $aRenzi, Lorenzo,$d<1939- >.$0(OLS)http://semarc/name/62206 700 1 $aBarbieri, Alvaro.$0(OLS)http://semarc/name/113116 700 1 $aAndreose, Alvise.$0(OLS)http://semarc/name/113117 700 1 $aMauro, Marina.$0(OLS)http://semarc/name/113118 830 0$aMedioevo veneto.$0(OLS)http://semarc/title/433561 850 $aSeMil 852 $aSeMil$W1$xVenegono$y1$m1A II 284$j224541$B235517$CSeMilBibl$Z2$F235517 $81 961 $aBrambilla don Paolo - Omaggio 996 $6020$a88-317-7353-4$9(OLS)http://semarc/number/292449 996 $6245$aIl «Milione» veneto :$bms. CM 211 della Biblioteca civica di Padova$9(OLS)http://semarc/title/433560 996 $6264$aVenezia :$bMarsilio$9(OLS)http://semarc/publisher/30231 LEADER 01138nam a2200277 i 4500 001 000000105132 003 CaOOAMICUS 005 20160926000000.0 008 160926s2016 it u000 u ita u 013 $a77321 020 $a978-88-01-05936-6 040 $aSeMil$bita 100 1 $aPocher, Linda,$d<1980- >.$0(OLS)http://semarc/name/44364 245 12$aL'uomo e la donna nel disegno di Dio /$cLinda Pocher. 260 $aTorino :$bElledici,$c2016. 300 $a95 p. ;$c21 cm. 490 0 $aLe nuove sfide dell'etica 650 4$aDifferenza sessuale.$0(OLS)http://semarc/subject/8496 650 4$aUomo e donna - Studi e interpretazioni.$0(OLS)http://semarc/subject/45950 830 3$aLe nuove sfide dell'etica.$0(OLS)http://semarc/title/17470 850 $aSeMil 852 $aSeMil$W1$xVenegono$y1$m3F V 55$j61402$B61402$CSeMilBibl$Z2$F70867 $81 961 $aOmaggio: Scanziani don Francesco 996 $6020$a978-88-01-05936-6$9(OLS)http://semarc/number/85132 996 $6245$aL'uomo e la donna nel disegno di Dio$9(OLS)http://semarc/title/152251 996 $6260$aTorino :$bElledici$9(OLS)http://semarc/publisher/30644